| 000 | 00395 a2200109 4500 | ||
|---|---|---|---|
| 001 | ART_7597 | ||
| 005 | 20260410161637.0 | ||
| 008 | 260409a | ||
| 245 | 1 | 0 | _aPagos por avales o garantías vinculadas a financiaciones del exterior. Tratamiento frente al impuesto a las ganancias |
| 100 | 1 | _aCalcagno, Gabriel A | |
| 773 | 0 |
_tConsultor tributario _g- Nº 3 (may. 2007) _wREV474 |
|
| 999 |
_c12977 _d12977 |
||